Normal view
MARC view
Entry Personal Name
001 - CONTROL NUMBER
- control field: 70381
003 - CONTROL NUMBER IDENTIFIER
- control field: dpl
005 - DATE AND TIME OF LATEST TRANSACTION
- control field: 20240821164047.0
008 - FIXED-LENGTH DATA ELEMENTS
- fixed length control field: 240821|| aca||aabn | a|a d
040 ## - CATALOGING SOURCE
- Original cataloging agency: dpl
- Transcribing agency: dpl
100 ## - HEADING--PERSONAL NAME
- Personal name: राजपूत,दरयाबसिंह
670 ## - SOURCE DATA FOUND
- Source citation: Work cat.: (dpl)205174: राजपूत,दरयाबसिंह , सरस्वती वन्दनाए/"काव्य संग्रह", 2024
